América Central: ideas para una cooperación por la paz /

שמור ב:
מידע ביבליוגרפי
מחבר ראשי: Richards, Edgardo
מחבר תאגידי: CSUCA
מחברים אחרים: Lungo Uclés, Mario
פורמט: Texto
יצא לאור: San José: CSUCA
תגים: הוספת תג
אין תגיות, היה/י הראשונ/ה לתייג את הרשומה!

MARC

LEADER 00000 a a2200000 04500
001 21673
003
040
090 |a 096600  
100 |a Richards, Edgardo  
110 |a CSUCA  
245 |a América Central: ideas para una cooperación por la paz /  |c Edgardo Richards 
260 |a San José:   |b CSUCA  
300 |a 13 p.  
700 |a Lungo Uclés, Mario  
999 |c 14678  |d 14678